000 00523pab a2200181 454500
008 180718b1989 xxu||||| |||| 00| 0 eng d
100 _aSangita, S.N.
245 _aThe Lokayukta institution in Karnataka: A trend setter for three tier structure ombudsman in India
260 _c1989
300 _ap.904-921.
362 _aOct-Dec
650 _aOmbudsman - India - Karnataka
650 _aOmbudsman
700 _aSuvarchala, G.
773 _aIndian Journal of Public Administration
908 _aN
909 _a14401
999 _c14401
_d14401